[Event "CZE-chT2D 2223"]
[Site "Czech Republic"]
[Date "2022.12.04"]
[Round "4.7"]
[White "Vala, Filip"]
[Black "Marek, Petr"]
[Result "1-0"]
[WhiteElo "2121"]
[BlackElo "1824"]
[PlyCount "83"]
[EventDate "2022.10.16"]
[EventType "team-tourn"]
[EventRounds "11"]
[EventCountry "CZE"]
[SourceTitle "EXT 2024"]
[Source "ChessBase"]
[SourceDate "2023.10.10"]
[SourceVersion "1"]
[SourceVersionDate "2023.10.10"]
[SourceQuality "1"]
[WhiteTeam "Chotebor"]
[BlackTeam "Hradec Kralove Slavia"]
[WhiteTeamCountry "CZE"]
[BlackTeamCountry "CZE"]

1. d4 Nf6 2. Nf3 g6 3. c4 Bg7 4. Nc3 d5 5. cxd5 Nxd5 6. e4 Nxc3 7. bxc3 c5 8. Rb1 Qa5 9. Bb5+ Bd7 10. Bxd7+ Nxd7 11. 0-0 b5 12. Bd2 c4 13. Rb4 0-0 14. a4 a6 15. Qb1 Rfb8 16. Bf4 Rb7 17. Nd2 e5 18. Nxc4 Qc7 19. dxe5 Nxe5 20. Nxe5 Bxe5 21. Bxe5 Qxe5 22. c4 Rab8 23. Re1 Rc8 24. Rd1 Qc3 25. cxb5 axb5 26. axb5 Rc5 27. h3 Qe5 28. b6 Rc6 29. Rc1 Re6 30. Qb3 Qf4 31. Rc8+ Kg7 32. Qc3+ Kh6 33. g3 Qd6 34. Rg8 Re5 35. Qe3+ g5 36. h4 f6 37. Rb1 Qe6 38. hxg5+ fxg5 39. Rf8 Rxe4 40. Qf3 Re1+ 41. Kh2 Rf7 42. Rxf7 1-0

[Event "CZE-chT2D 1920"]
[Site "Czech Republic"]
[Date "2020.02.23"]
[Round "9.6"]
[White "Vala, Filip"]
[Black "Kokes, Bohuslav"]
[Result "1/2-1/2"]
[WhiteElo "2183"]
[BlackElo "1949"]
[PlyCount "96"]
[EventDate "2019.10.13"]
[EventType "team-tourn"]
[EventRounds "11"]
[EventCountry "CZE"]
[SourceTitle "EXT 2024"]
[Source "ChessBase"]
[SourceDate "2023.10.10"]
[SourceVersion "1"]
[SourceVersionDate "2023.10.10"]
[SourceQuality "1"]
[WhiteTeam "Chotebor"]
[BlackTeam "Chrudim"]
[WhiteTeamCountry "CZE"]
[BlackTeamCountry "CZE"]

1. d4 d5 2. Nf3 Nc6 3. c4 e5 4. dxe5 d4 5. g3 Bg4 6. Bg2 Qd7 7. h3 Bxf3 8. Bxf3 Nxe5 9. Bxb7 Rb8 10. Bg2 Bb4+ 11. Bd2 Ne7 12. 0-0 Bxd2 13. Nxd2 Rxb2 14. Rb1 Rxb1 15. Qxb1 0-0 16. Qe4 Qd6 17. Rb1 f5 18. Qb7 f4 19. Ne4 Qd7 20. Qxa7 fxg3 21. Nxg3 d3 22. exd3 Qxd3 23. Re1 N7g6 24. Qc5 Qc3 25. Bd5+ Kh8 26. Qe3 Nd3 27. Rd1 Ngf4 28. Kh2 Qc2 29. Rd2 Nxd5 30. cxd5 Qxd2 31. Qxd2 Rxf2+ 32. Qxf2 Nxf2 33. a4 Nd3 34. Ne4 Nb4 35. Nc3 Kg8 36. Kg3 Kf7 37. Kf4 Ke7 38. Ke5 Kd7 39. Ne4 Nd3+ 40. Kd4 Nf4 41. Nf2 c6 42. dxc6+ Kxc6 43. Kc4 g5 44. Kd4 Kb6 45. Ke4 Ka5 46. Kf5 h6 47. h4 gxh4 48. Kxf4 Kxa4 1/2-1/2

[Event "CZE-chT2D 1920"]
[Site "Czech Republic"]
[Date "2019.12.01"]
[Round "4.6"]
[White "Vala, Filip"]
[Black "Cibulka, Josef"]
[Result "1/2-1/2"]
[WhiteElo "2183"]
[BlackElo "1908"]
[PlyCount "167"]
[EventDate "2019.10.13"]
[EventType "team-tourn"]
[EventRounds "11"]
[EventCountry "CZE"]
[SourceTitle "EXT 2024"]
[Source "ChessBase"]
[SourceDate "2023.10.10"]
[SourceVersion "1"]
[SourceVersionDate "2023.10.10"]
[SourceQuality "1"]
[WhiteTeam "Chotebor"]
[BlackTeam "Nachod Snezka"]
[WhiteTeamCountry "CZE"]
[BlackTeamCountry "CZE"]

1. d4 Nf6 2. Nf3 g6 3. c4 Bg7 4. Nc3 0-0 5. e4 d6 6. Be2 Nbd7 7. 0-0 e5 8. Re1 b6 9. Bf1 Bb7 10. Rb1 Re8 11. d5 a5 12. a3 Qe7 13. b4 axb4 14. axb4 Reb8 15. Be3 Ng4 16. Bg5 Ngf6 17. Nb5 Qd8 18. Qd2 Ba6 19. Nc3 Qf8 20. Qc2 Bh6 21. Ra1 Bxg5 22. Nxg5 h6 23. Nf3 Qd8 24. Ra3 Bb7 25. Rea1 Rxa3 26. Rxa3 Ra8 27. Qa2 Rxa3 28. Qxa3 Qa8 29. Qxa8+ Bxa8 30. Nb5 Ne8 31. g3 Ndf6 32. Nd2 Bb7 33. f3 Bc8 34. Nb3 Bd7 35. c5 bxc5 36. bxc5 Bxb5 37. Bxb5 Kf8 38. Kf2 Ke7 39. Ke3 Nd7 40. cxd6+ cxd6 41. Na5 Nb8 42. Nc4 Nd7 43. Na5 Nb8 44. f4 f6 45. Nb7 Nc7 46. Bf1 Ne8 47. Kd2 Ng7 48. Bh3 Nh5 49. Ke3 Ng7 50. Bg4 Ne8 51. Na5 Nc7 52. Nc4 Nd7 53. Bh3 Ne8 54. Na5 Nb8 55. Bg4 Nc7 56. Kd3 Nd7 57. Nc6+ Ke8 58. Na7 Kd8 59. Nc6+ Ke8 60. Na7 Kd8 61. Nc6+ Ke8 62. Na7 Nc5+ 63. Ke3 f5 64. Bf3 fxe4 65. Bxe4 Nxe4 66. Kxe4 exf4 67. gxf4 Ke7 68. Nc8+ Kd7 69. Nb6+ Ke7 70. Nc8+ Kd7 71. Nb6+ Kd8 72. f5 g5 73. f6 Ke8 74. Nc8 Kf7 75. Nxd6+ Kxf6 76. Nc4 Nxd5 77. Kxd5 Kf5 78. Ne5 h5 79. Nd3 Kg4 80. Ke4 Kh3 81. Kf5 g4 82. Nf2+ Kxh2 83. Nxg4+ hxg4 84. Kxg4 1/2-1/2

[Event "CZE-chT2D 1819"]
[Site "Czech Republic"]
[Date "2019.03.31"]
[Round "11.4"]
[White "Sykora, Josef"]
[Black "Vala, Filip"]
[Result "1/2-1/2"]
[WhiteElo "2058"]
[BlackElo "2189"]
[PlyCount "95"]
[EventDate "2018.10.14"]
[EventType "team-tourn"]
[EventRounds "11"]
[EventCountry "CZE"]
[SourceTitle "EXT 2022"]
[Source "ChessBase"]
[SourceDate "2021.10.06"]
[SourceVersion "1"]
[SourceVersionDate "2021.10.06"]
[SourceQuality "1"]
[WhiteTeam "Pardubice Rapid"]
[BlackTeam "Chotebor"]
[WhiteTeamCountry "CZE"]
[BlackTeamCountry "CZE"]

1. c4 Nf6 2. g3 g6 3. Bg2 Bg7 4. Nc3 0-0 5. e3 d6 6. Nge2 Nc6 7. d4 Bd7 8. 0-0 Qc8 9. b3 Bh3 10. Bb2 Bxg2 11. Kxg2 e5 12. Nd5 Re8 13. Nxf6+ Bxf6 14. d5 Ne7 15. e4 Bg7 16. Qd2 f5 17. f3 h5 18. h3 Kh7 19. Qc2 c5 20. Kh2 Rf8 21. Rae1 Qd7 22. Bc1 Rf7 23. Kg2 Raf8 24. Ng1 Ng8 25. Bg5 Bh6 26. exf5 gxf5 27. Bxh6 Nxh6 28. h4 Rg7 29. Nh3 Rfg8 30. Ng5+ Rxg5 31. hxg5 Rxg5 32. f4 exf4 33. Rxf4 Qg7 34. Re3 Ng4 35. Ref3 Qe5 36. Qd2 Kg6 37. Kh3 Nf6 38. Qc3 Ne4 39. Qxe5 dxe5 40. Rh4 Nd6 41. b4 e4 42. bxc5 exf3 43. cxd6 Kf6 44. c5 Ke5 45. d7 Rg8 46. c6 bxc6 47. dxc6 Kd6 48. Rxh5 1/2-1/2

[Event "CZE-chT2D 1819"]
[Site "Czech Republic"]
[Date "2019.01.27"]
[Round "7.4"]
[White "Kosek, Marek"]
[Black "Vala, Filip"]
[Result "1/2-1/2"]
[WhiteElo "2121"]
[BlackElo "2189"]
[PlyCount "29"]
[EventDate "2018.10.14"]
[EventType "team-tourn"]
[EventRounds "11"]
[EventCountry "CZE"]
[SourceTitle "EXT 2022"]
[Source "ChessBase"]
[SourceDate "2021.10.06"]
[SourceVersion "1"]
[SourceVersionDate "2021.10.06"]
[SourceQuality "1"]
[WhiteTeam "Vysoke Myto"]
[BlackTeam "Chotebor"]
[WhiteTeamCountry "CZE"]
[BlackTeamCountry "CZE"]

1. e4 c5 2. Nf3 Nc6 3. d4 cxd4 4. Nxd4 e6 5. g3 a6 6. Bg2 Qc7 7. 0-0 Bc5 8. Nb3 Be7 9. Be3 d6 10. f4 Nf6 11. c4 0-0 12. Nc3 Na5 13. Nxa5 Qxa5 14. Rc1 Rb8 15. Ba7 1/2-1/2

[Event "CZE-chT2D 1819"]
[Site "Czech Republic"]
[Date "2018.12.16"]
[Round "5.4"]
[White "Moulis, Mojmir"]
[Black "Vala, Filip"]
[Result "1/2-1/2"]
[WhiteElo "2062"]
[BlackElo "2189"]
[PlyCount "86"]
[EventDate "2018.10.14"]
[EventType "team-tourn"]
[EventRounds "11"]
[EventCountry "CZE"]
[SourceTitle "EXT 2022"]
[Source "ChessBase"]
[SourceDate "2021.10.06"]
[SourceVersion "1"]
[SourceVersionDate "2021.10.06"]
[SourceQuality "1"]
[WhiteTeam "Orechov"]
[BlackTeam "Chotebor"]
[WhiteTeamCountry "CZE"]
[BlackTeamCountry "CZE"]

1. e4 d6 2. d4 Nf6 3. Nc3 g6 4. Nf3 Bg7 5. h3 0-0 6. Be3 Nc6 7. Qd2 e5 8. d5 Ne7 9. 0-0-0 a6 10. g4 b5 11. Bd3 Bd7 12. Ne2 c6 13. dxc6 Bxc6 14. Ng3 Qc7 15. Nh2 d5 16. f3 Rfd8 17. Qe2 b4 18. g5 Nd7 19. Ng4 d4 20. Bd2 Qb6 21. h4 Bb5 22. h5 Rac8 23. Kb1 Bxd3 24. cxd3 b3 25. a3 Rc2 26. hxg6 fxg6 27. Qh2 Nf8 28. Qh4 Qc7 29. Bc1 Rc8 30. Rdg1 Nc6 31. Nf6+ Bxf6 32. gxf6 Na7 33. Nf5 Nb5 34. Qh6 Re8 35. Ne7+ Rxe7 36. fxe7 Qxe7 37. Qg5 Qc7 38. f4 Rf2 39. Qxe5 Nxa3+ 40. Ka1 Nc2+ 41. Kb1 Na3+ 42. Ka1 Nc2+ 43. Kb1 Na3+ 1/2-1/2

[Event "CZE-chT2D 1819"]
[Site "Czech Republic"]
[Date "2018.12.02"]
[Round "4.3"]
[White "Ruzicka, Josef"]
[Black "Vala, Filip"]
[Result "1/2-1/2"]
[WhiteElo "2161"]
[BlackElo "2189"]
[PlyCount "128"]
[EventDate "2018.10.14"]
[EventType "team-tourn"]
[EventRounds "11"]
[EventCountry "CZE"]
[SourceTitle "EXT 2022"]
[Source "ChessBase"]
[SourceDate "2021.10.06"]
[SourceVersion "1"]
[SourceVersionDate "2021.10.06"]
[SourceQuality "1"]
[WhiteTeam "Dalesice Pivovar"]
[BlackTeam "Chotebor"]
[WhiteTeamCountry "CZE"]
[BlackTeamCountry "CZE"]

1. e4 d6 2. d4 Nf6 3. Nc3 g6 4. Nf3 Bg7 5. h3 0-0 6. Bd3 Nc6 7. Be3 e5 8. d5 Ne7 9. Qd2 c6 10. dxc6 bxc6 11. Bh6 Rb8 12. Rb1 Qc7 13. 0-0 Be6 14. Rfe1 Rb7 15. Bxg7 Kxg7 16. Ng5 Bc8 17. Bc4 h6 18. Nf3 Rd8 19. Bb3 Nh5 20. Rbd1 f6 21. Nh2 Nf4 22. Qe3 d5 23. exd5 cxd5 24. Qf3 Be6 25. Ne2 Nxe2+ 26. Rxe2 Rb6 27. Ng4 Nf5 28. Red2 h5 29. Ne3 Nd4 30. Rxd4 exd4 31. Rxd4 Rbd6 32. Bxd5 Bxd5 33. Rxd5 Rxd5 34. Nxd5 Qe5 35. Nf4 Rd7 36. b3 h4 37. Nxg6 Qe1+ 38. Kh2 Kxg6 39. Qg4+ Kh6 40. Qxd7 Qe5+ 41. g3 hxg3+ 42. Kg2 gxf2 43. Qd2+ Kh5 44. Qd1+ Kh6 45. Qd2+ Kh5 46. Qxf2 Qg5+ 47. Kf1 Qc1+ 48. Qe1 Qf4+ 49. Ke2 Qe5+ 50. Kf1 Qf5+ 51. Kg2 Qg6+ 52. Qg3 Qxc2+ 53. Qf2 Qg6+ 54. Kh2 Qf7 55. Qf5+ Kh6 56. Kg3 Qe7 57. Kf4 Qb4+ 58. Qe4 Qc5 59. Qe3 Qa5 60. Kg4+ Kg6 61. Qe8+ Kg7 62. Qe7+ Kg6 63. Qe8+ Kg7 64. Qe7+ Kg6 1/2-1/2

[Event "CZE-chT2D 1718"]
[Site "Czech Republic"]
[Date "2018.01.28"]
[Round "7.3"]
[White "Vesely, Vitek"]
[Black "Vala, Filip"]
[Result "0-1"]
[WhiteElo "2087"]
[BlackElo "2216"]
[PlyCount "104"]
[EventDate "2017.10.15"]
[EventType "team-tourn"]
[EventRounds "11"]
[EventCountry "CZE"]
[SourceTitle "EXT 2022"]
[Source "ChessBase"]
[SourceDate "2021.10.06"]
[SourceVersion "1"]
[SourceVersionDate "2021.10.06"]
[SourceQuality "1"]
[WhiteTeam "Dalesice Pivovar"]
[BlackTeam "Chotebor"]
[WhiteTeamCountry "CZE"]
[BlackTeamCountry "CZE"]

1. d4 d6 2. c4 g6 3. Nc3 Bg7 4. Nf3 Bg4 5. g3 Bxf3 6. exf3 Nd7 7. Bg2 c6 8. Be3 Ngf6 9. 0-0 0-0 10. b3 Re8 11. Qd2 Qa5 12. Rfd1 Nf8 13. Rac1 Rad8 14. h3 e5 15. d5 c5 16. f4 Nh5 17. fxe5 Bxe5 18. g4 Ng7 19. f4 Bxc3 20. Rxc3 Rd7 21. Re1 Rde7 22. Bf2 Rxe1+ 23. Bxe1 Qd8 24. Re3 f5 25. g5 Rxe3 26. Qxe3 Qe8 27. Qf2 Nh5 28. Bc3 b5 29. cxb5 Qxb5 30. Bf1 Qe8 31. Bd3 Nd7 32. Kf1 Qf7 33. Be2 Nb6 34. Bxh5 gxh5 35. Ba1 Qxd5 36. Qb2 Qh1+ 37. Kf2 Qh2+ 38. Ke1 Qxb2 39. Bxb2 Nd5 40. Bc1 Nb4 41. a3 Nd3+ 42. Kd1 Nxc1 43. Kxc1 Kf7 44. Kd2 Ke6 45. Kc3 Kd5 46. Kd3 h4 47. Ke3 Kc6 48. Kd3 Kb5 49. Kc3 d5 50. Kd3 a5 51. Kc3 d4+ 52. Kd3 a4 0-1

[Event "CZE-chT2C 1617"]
[Site "Czech Republic"]
[Date "2016.12.11"]
[Round "5.4"]
[White "Vala, Filip"]
[Black "Kosnar, Martin"]
[Result "1/2-1/2"]
[WhiteElo "2226"]
[BlackElo "2114"]
[PlyCount "66"]
[EventDate "2016.10.09"]
[EventType "team-tourn"]
[EventRounds "11"]
[EventCountry "CZE"]
[SourceTitle "EXT 2022"]
[Source "ChessBase"]
[SourceDate "2021.10.06"]
[SourceVersion "1"]
[SourceVersionDate "2021.10.06"]
[SourceQuality "1"]
[WhiteTeam "Kutna Hora"]
[BlackTeam "Lysa nad Labem IV"]
[WhiteTeamCountry "CZE"]
[BlackTeamCountry "CZE"]

1. d4 g6 2. c4 Bg7 3. Nf3 d6 4. e4 Nc6 5. Be2 e5 6. Be3 exd4 7. Nxd4 Nxd4 8. Bxd4 Bxd4 9. Qxd4 Qf6 10. Qd2 Bd7 11. Nc3 Ne7 12. f4 Qg7 13. Bf3 0-0 14. g4 Bc6 15. h4 f5 16. 0-0-0 fxe4 17. Bxe4 Bxe4 18. Nxe4 Qf7 19. Kb1 Qxf4 20. Qc2 Nc6 21. g5 Rf5 22. Nf6+ Kg7 23. Nd5 Qf2 24. Qc3+ Ne5 25. Nxc7 Rc8 26. Ne6+ Kf7 27. Nd4 Rf4 28. Qb3 Rxc4 29. Qxb7+ Kg8 30. Ne6 Qc2+ 31. Ka1 Rf7 32. Qd5 Rc8 33. Nd4 Qc5 1/2-1/2

[Event "CZE-chT2C 1516"]
[Site "Czech Republic"]
[Date "2016.02.07"]
[Round "7.7"]
[White "Vala, Filip"]
[Black "Fiala, Zdenek"]
[Result "1-0"]
[WhiteElo "2167"]
[BlackElo "2018"]
[PlyCount "79"]
[EventDate "2015.10.18"]
[EventType "team-tourn"]
[EventRounds "11"]
[EventCountry "CZE"]
[SourceTitle "EXT 2022"]
[Source "ChessBase"]
[SourceDate "2021.10.06"]
[SourceVersion "1"]
[SourceVersionDate "2021.10.06"]
[SourceQuality "1"]
[WhiteTeam "Kutna Hora"]
[BlackTeam "Svetla nad Sazavou"]
[WhiteTeamCountry "CZE"]
[BlackTeamCountry "CZE"]

1. d4 d6 2. Nf3 Nf6 3. c4 g6 4. Nc3 Bg7 5. e4 c5 6. d5 Na6 7. Be2 Nc7 8. 0-0 a6 9. a4 b6 10. h3 Rb8 11. e5 dxe5 12. Nxe5 Bd7 13. Bf4 0-0 14. Qd2 Rc8 15. Nxd7 Qxd7 16. a5 Na8 17. Ra2 Qb7 18. Rfa1 b5 19. cxb5 axb5 20. Bxb5 Ne4 21. Bc6 Qxc6 22. Nxe4 Qb5 23. Bh6 Rfd8 24. Bxg7 Kxg7 25. Qc3+ Kg8 26. d6 exd6 27. Nf6+ Kf8 28. Re1 Qb4 29. Nxh7+ Kg8 30. Nf6+ Kf8 31. Nd5 Qxc3 32. bxc3 Rc6 33. Re7 Ra6 34. Rb2 Re8 35. Rxe8+ Kxe8 36. Rb8+ Kd7 37. Rxa8 Rxa8 38. Nb6+ Kc6 39. Nxa8 Kb5 40. Nb6 1-0

[Event "CZE-chT2C 1516"]
[Site "Czech Republic"]
[Date "2016.01.10"]
[Round "5.7"]
[White "Vala, Filip"]
[Black "Fencl, Pavel"]
[Result "1-0"]
[WhiteElo "2167"]
[BlackElo "2019"]
[PlyCount "103"]
[EventDate "2015.10.18"]
[EventType "team-tourn"]
[EventRounds "11"]
[EventCountry "CZE"]
[SourceTitle "EXT 2022"]
[Source "ChessBase"]
[SourceDate "2021.10.06"]
[SourceVersion "1"]
[SourceVersionDate "2021.10.06"]
[SourceQuality "1"]
[WhiteTeam "Kutna Hora"]
[BlackTeam "Lysa nad Labem III"]
[WhiteTeamCountry "CZE"]
[BlackTeamCountry "CZE"]

1. d4 d5 2. Nf3 Nf6 3. c4 e6 4. Nc3 c6 5. e3 Nbd7 6. Qc2 Bd6 7. g4 Nxg4 8. Rg1 Nxh2 9. Nxh2 Bxh2 10. Rxg7 Qh4 11. e4 Kf8 12. Rg2 dxc4 13. Bg5 Qh3 14. Rg3 Qh5 15. Be2 Qg6 16. Be7+ Kxe7 17. Rxg6 hxg6 18. 0-0-0 Nb6 19. a4 a5 20. b3 Bf4+ 21. Kb1 Rh2 22. bxc4 Rxf2 23. Qb3 Nd7 24. Qa3+ Bd6 25. c5 Bf4 26. Rh1 Nf6 27. Bc4 Rf3 28. Nd5+ exd5 29. Qxf3 g5 30. exd5 Bf5+ 31. Ka2 cxd5 32. Re1+ Kf8 33. Bxd5 Rd8 34. Bb3 Rxd4 35. Rd1 Be4 36. Qc3 Rxd1 37. Bxd1 Nd5 38. Qxa5 Kg7 39. Qd8 Nf6 40. Qd4 Kg6 41. Be2 Bf5 42. a5 Bc7 43. c6 bxc6 44. a6 Nd5 45. a7 Bb6 46. Bh5+ Kh7 47. Qe5 Be6 48. a8Q Nc7+ 49. Qxe6 Nxe6 50. Bxf7 Nd8 51. Bc4 g4 52. Qa4 1-0

[Event "Policka op"]
[Site "Policka"]
[Date "2015.07.10"]
[Round "8"]
[White "Vala, Filip"]
[Black "Cerveny, Martin"]
[Result "0-1"]
[WhiteElo "2058"]
[BlackElo "2394"]
[PlyCount "114"]
[EventDate "2015.07.04"]
[EventType "swiss"]
[EventRounds "9"]
[EventCountry "CZE"]
[SourceTitle "CBM 167 Extra"]
[Source "ChessBase"]
[SourceDate "2015.09.14"]
[SourceVersion "1"]
[SourceVersionDate "2015.09.14"]
[SourceQuality "1"]

1. d4 Nf6 2. Nf3 g6 3. c4 Bg7 4. Nc3 0-0 5. e4 d6 6. Be2 Bg4 7. Be3 c5 8. d5 e6 9. 0-0 exd5 10. cxd5 Re8 11. Nd2 Bxe2 12. Qxe2 a6 13. a4 Nbd7 14. Bf4 Ne5 15. h3 Nfd7 16. Bg3 g5 17. Nd1 Ng6 18. Bxd6 Nf6 19. Bxc5 Qxd5 20. exd5 Rxe2 21. Nf3 Nxd5 22. Nxg5 Rc8 23. Ba3 Ne5 24. Rb1 h6 25. Nf3 Nxf3+ 26. gxf3 Rc4 27. b3 Rcc2 28. Rc1 Bd4 29. Rxc2 Rxc2 30. Re1 Nf4 31. Kh2 Nd3 32. Re4 Be5+ 33. f4 Bxf4+ 34. Kg1 Rd2 35. Nb2 Nxf2 36. Re8+ Kh7 37. h4 b5 38. Re7 Kg6 39. axb5 axb5 40. Rb7 Bg3 41. Kg2 Bxh4 42. Rxb5 Ne4+ 43. Kf3 f5 44. Nc4 Rf2+ 45. Ke3 Bg5+ 46. Kd4 Bf6+ 47. Ke3 Rh2 48. Rb6 Kg5 49. Kf3 Rh3+ 50. Ke2 f4 51. Bc1 Kg4 52. Re6 Rh2+ 53. Kf1 Kf3 54. Kg1 Rg2+ 55. Kf1 Rc2 56. Ba3 Ra2 57. Kg1 Bd4+ 0-1

[Event "Policka op"]
[Site "Policka"]
[Date "2015.07.07"]
[Round "5"]
[White "Vala, Filip"]
[Black "Cerveny, Petr"]
[Result "1/2-1/2"]
[WhiteElo "2058"]
[BlackElo "2289"]
[PlyCount "109"]
[EventDate "2015.07.04"]
[EventType "swiss"]
[EventRounds "9"]
[EventCountry "CZE"]
[SourceTitle "CBM 167 Extra"]
[Source "ChessBase"]
[SourceDate "2015.09.14"]
[SourceVersion "1"]
[SourceVersionDate "2015.09.14"]
[SourceQuality "1"]

1. d4 e6 2. Nf3 Nf6 3. c4 Bb4+ 4. Bd2 Qe7 5. g3 Nc6 6. Bg2 Bxd2+ 7. Qxd2 Ne4 8. Qc2 Qb4+ 9. Nc3 Nxc3 10. Qxc3 Qxc3+ 11. bxc3 d6 12. Rb1 Na5 13. Nd2 Rb8 14. e3 Ke7 15. Be4 b6 16. Rb4 c5 17. Ra4 Bd7 18. Ra3 Rhc8 19. Nb3 cxd4 20. Nxa5 bxa5 21. cxd4 a4 22. 0-0 Rxc4 23. Bd3 Rc7 24. Kg2 Rb2 25. Rb1 Rcb7 26. Rc1 Rd2 27. Rc2 Rb2 28. Rxb2 Rxb2 29. Kf3 h5 30. e4 Bc6 31. Ke3 Kd7 32. h4 g6 33. Bc4 d5 34. exd5 exd5 35. Be2 Kd6 36. Bd1 Kc7 37. Bxa4 Bxa4 38. Rxa4 Kb6 39. f3 a5 40. Ra3 Kb5 41. Kf4 Kb4 42. Re3 Rxa2 43. Re7 a4 44. Rxf7 a3 45. Ke5 Rg2 46. Kxd5 a2 47. Ra7 Kb3 48. Ke6 Rxg3 49. d5 Rxf3 50. d6 Kb2 51. d7 Re3+ 52. Kf7 Rd3 53. Ke7 Re3+ 54. Kf7 Rd3 55. Ke7 1/2-1/2

[Event "CZE-chT2C 1415"]
[Site "Czech Republic"]
[Date "2015.04.19"]
[Round "11.3"]
[White "Vala, Filip"]
[Black "Vedral, Oldrich"]
[Result "1/2-1/2"]
[WhiteElo "2123"]
[BlackElo "2319"]
[PlyCount "61"]
[EventDate "2014.11.02"]
[EventType "team-tourn"]
[EventRounds "11"]
[EventCountry "CZE"]
[SourceTitle "EXT 2022"]
[Source "ChessBase"]
[SourceDate "2021.10.06"]
[SourceVersion "1"]
[SourceVersionDate "2021.10.06"]
[SourceQuality "1"]
[WhiteTeam "Kutna Hora"]
[BlackTeam "Praha Oaza"]
[WhiteTeamCountry "CZE"]
[BlackTeamCountry "CZE"]

1. d4 d5 2. c4 e6 3. Nc3 c6 4. Nf3 Nf6 5. e3 Nbd7 6. Qc2 Bd6 7. g4 h6 8. Rg1 Qe7 9. h4 b6 10. Bd2 Bb7 11. 0-0-0 c5 12. cxd5 Nxd5 13. e4 Nb4 14. Qa4 cxd4 15. Nxd4 a6 16. a3 b5 17. Qa5 Nc6 18. Nxc6 Bxc6 19. Kb1 0-0 20. g5 h5 21. g6 f6 22. Be3 Rfc8 23. Be2 Bc7 24. Qb4 Qxb4 25. axb4 Bh2 26. Rge1 Be5 27. Bd4 Bd6 28. Bxh5 Bxb4 29. f3 Nf8 30. Bg4 Be7 31. Nd5 1/2-1/2

[Event "Pardubice Czech op-A 25th"]
[Site "Pardubice"]
[Date "2014.07.18"]
[Round "1"]
[White "Sukandar, Irine Kharisma"]
[Black "Vala, Filip"]
[Result "1-0"]
[WhiteElo "2375"]
[BlackElo "2171"]
[PlyCount "141"]
[EventDate "2014.07.18"]
[EventType "swiss"]
[EventRounds "9"]
[EventCountry "CZE"]
[SourceTitle "CBM 161 Extra"]
[Source "ChessBase"]
[SourceDate "2014.08.29"]
[SourceVersion "1"]
[SourceVersionDate "2014.08.29"]
[SourceQuality "1"]

1. e4 c5 2. Nf3 d6 3. Bb5+ Bd7 4. Bxd7+ Nxd7 5. 0-0 Ngf6 6. Qe2 g6 7. c3 Bg7 8. d4 cxd4 9. cxd4 d5 10. e5 Ne4 11. Ne1 h6 12. f3 Ng5 13. Nc3 Ne6 14. Nc2 Nc7 15. f4 e6 16. b3 Bf8 17. a4 Rc8 18. Qd3 Na6 19. Nb5 Nb4 20. Nxb4 Bxb4 21. Bd2 Be7 22. Nxa7 Ra8 23. Nb5 Nb8 24. Rfc1 Nc6 25. a5 Kf8 26. b4 Nxb4 27. Bxb4 Bxb4 28. Rc7 Kg7 29. Rb1 Rxa5 30. Rxb4 Rxb5 31. Rxf7+ Kxf7 32. Qxb5 Qc7 33. Qxb7 Rc8 34. Kf2 Kf8 35. Qxc7 Rxc7 36. Rb2 Kf7 37. Rd2 Ra7 38. Kg3 Kg7 39. Kg4 Kf7 40. Rc2 Ke7 41. h4 Kf7 42. h5 Kg7 43. Rc6 gxh5+ 44. Kxh5 Rf7 45. g3 Rf5+ 46. Kg4 h5+ 47. Kh4 Kf7 48. Rc7+ Ke8 49. Rh7 Kd8 50. Rxh5 Rf7 51. Rh6 Kd7 52. Kg5 Rf5+ 53. Kg6 Kc6 54. Kg7 Kd7 55. Rf6 Rh5 56. g4 Rh1 57. f5 Rh4 58. g5 exf5 59. Rd6+ Ke7 60. Rxd5 f4 61. Ra5 f3 62. d5 f2 63. Ra7+ Ke8 64. Ra8+ Ke7 65. d6+ Ke6 66. Re8+ Kf5 67. d7 f1Q 68. Rf8+ Kxe5 69. Rxf1 Rd4 70. Rf7 Ke6 71. g6 1-0

[Event "CZE-chT2D 1314"]
[Site "Czech Republic"]
[Date "2014.01.05"]
[Round "5.2"]
[White "Pekar, Vaclav"]
[Black "Vala, Filip"]
[Result "0-1"]
[WhiteElo "2151"]
[BlackElo "2110"]
[PlyCount "84"]
[EventDate "2013.11.03"]
[EventType "team-tourn"]
[EventRounds "11"]
[EventCountry "CZE"]
[SourceTitle "EXT 2016"]
[Source "ChessBase"]
[SourceDate "2015.10.08"]
[SourceVersion "1"]
[SourceVersionDate "2015.10.08"]
[SourceQuality "1"]
[WhiteTeam "Usti nad Orlici"]
[BlackTeam "Havlickuv Brod"]
[WhiteTeamCountry "CZE"]
[BlackTeamCountry "CZE"]

1. d4 Nf6 2. Nf3 g6 3. Nc3 d5 4. Bf4 Bg7 5. e3 0-0 6. Be2 c5 7. 0-0 cxd4 8. exd4 Nc6 9. Ne5 Qb6 10. Nxc6 Qxc6 11. Bf3 Ne4 12. Ne2 Rd8 13. c3 b5 14. Ng3 a5 15. Re1 Nxg3 16. hxg3 Be6 17. Qd2 Qb6 18. Re2 b4 19. Rae1 Rac8 20. Bg5 Rd7 21. cxb4 axb4 22. Qf4 Rc6 23. Qh4 Qxd4 24. Bxe7 Qxh4 25. Bxh4 Ra6 26. b3 Bc3 27. Rd1 d4 28. Be4 h6 29. Bd3 Ra5 30. Bf6 Kh7 31. Re4 Rf5 32. Be5 f6 33. Bf4 Bf7 34. f3 Kg7 35. g4 Ra5 36. Re2 Rda7 37. Bb1 g5 38. Bg3 Bg6 39. Bxg6 Kxg6 40. Bf2 Rxa2 41. Rxa2 Rxa2 42. Bxd4 Ra1 0-1